000 00335nam a22001457a 4500
003 OSt
008 240830b |||||||| |||| 00| 0 eng d
020 _a9788123017518
082 _a635.9647
_bJIL
100 _aJINDAL, S.L
245 _aLawns and Gardens
260 _aNew Delhi:
_bMIABGI,
_c2013.
300 _a186p.
942 _2ddc
_cBK
999 _c12867
_d12867